Harry Potter Fan Test 2 Quiz Stats

 Plays Quiz not verified by Sporcle

Support Sporcle.
Go Orange.
Score 0/41 Timer 07:00
0 Plays Today
Question Answer % Correct
????
99.7%
????
99.1%
????
99.1%
????
98.9%
????
98.5%
????
98.4%
????
97.9%
????
94.5%
????
94.5%
????
94.2%
????
94%
????
93.6%
????
93.3%
????
87.4%
????
87.4%
????
87.2%
????
87.1%
????
86.5%
????
86.4%
????
86.3%
????
86.1%
Question Answer % Correct
????
85.9%
????
85.9%
????
85.8%
????
85.8%
????
85.8%
????
85.8%
????
85.7%
????
85.6%
????
85.2%
????
81.6%
????
80.5%
????
74.3%
????
73.6%
????
71%
????
63.6%
????
63.6%
????
63.4%
????
63.2%
????
62.7%
????
62.7%

You're not logged in!

Compare scores with friends on all Sporcle quizzes.
OR
Log In

From the Vault

Ultimate Border Challenge: 'P-R'

by Headers2304

Ultimately, this quiz is bordering on challenging.
Remove Ads.
Support Sporcle.
Get the best of Sporcle when you Go Orange. This ad-free experience offers more features, more stats, and more fun while also helping to support Sporcle. Thank you for becoming a member.

Show Comments

Extras

Created Feb 22, 2011SourceReportNominate
Tags:fan, test

Top Quizzes Today


Score Distribution

Your Account Isn't Verified!

In order to create a playlist on Sporcle, you need to verify the email address you used during registration. Go to your Sporcle Settings to finish the process.

Report this User

Report this user for behavior that violates our Community Guidelines.

Details: